[Event "TOP 16 - Final A"]
[Site "TOP16-Final-A"]
[Date "2021.01.17"]
[Round "11"]
[White "SFeller"]
[Black "ProfTerrieux"]
[Result "1/2-1/2"]
[WhiteElo "2213"]
[BlackElo "2300"]
[Annotator "TA"]
[PlyCount "81"]
[EventDate "2021.01.17"]
[EventType "blitz"]

{[%evp 10,81,0,0,25,24,19,8,8,0,22,-7,20,-7,14,0,16,0,2,7,75,62,66,59,95,58,82,69,67,62,76,71,97,72,104,90,106,99,119,119,122,78,79,97,73,67,73,20,59,0,4,0,0,0,0,0,0,0,0,0,0,0,42,0,0,-25,-25,-35,-29,-77,0,0,0,0]} 1. d4 Nf6 2. c4 e6 3. Nc3 Bb4 4. Nf3 b6 5. Bd2 Bb7 6. g3 Bxf3 {E21: Nimzo-Indian: 4 Nf3.} 7. exf3 O-O 8. a3 Bxc3 9. Bxc3 d5 {[#]} 10. b3 $146 ({Predecessor:} 10. c5 bxc5 11. dxc5 a5 12. b4 d4 13. Bd2 axb4 14. axb4 Rxa1 15. Qxa1 Qd5 16. Bg2 {1-0 (27) Aronian,L (2724)-Sadvakasov,D (2612) Khanty-Mansiysk 2005}) 10... a5 11. a4 Nc6 12. Be2 Qd6 13. Qd2 Rad8 14. Rd1 e5 (14... dxc4 $11 15. bxc4 e5 16. dxe5 Qe6) 15. dxe5 $16 Nxe5 16. O-O Rfe8 17. f4 Nc6 {[#] And now ...Ne4 would win.} 18. Bf3 {[%cal Rc4d5]} d4 19. Bxc6 Qxc6 20. Bxd4 Ne4 21. Qb2 (21. Qc2 {is more complex.} h5 22. h4 Rd7 23. Rfe1 Rde7 24. Bc3) 21... f6 22. Be3 Nd6 23. Rd5 Nf7 24. Rfd1 Rxd5 25. cxd5 Qd7 26. Qc2 Nd6 27. Rc1 Re7 28. Qc6 ({Better is} 28. Qd3 $16) 28... Kf7 29. Qxd7 ({White should try} 29. h4 $14) 29... Rxd7 $14 {[%mdl 4096] Endgame KRB-KRN} 30. g4 f5 31. h3 Ne8 32. Bd4 Rxd5 33. Be5 c5 34. Rc3 Rd7 35. Kf1 Nf6 36. f3 g6 37. Ke2 Nd5 38. Rd3 Ke6 39. Rd1 {[#]} g5 (39... Nb4 $1 $17) 40. Kf2 $11 gxf4 41. Re1 {Weighted Error Value: White=0.14/Black=0.16} 1/2-1/2

[Event "TOP 16 - Final A"]
[Site "TOP16-Final-A"]
[Date "2021.01.17"]
[Round "11"]
[White "Pastouche06"]
[Black "jncool68"]
[Result "1-0"]
[WhiteElo "2202"]
[BlackElo "2244"]
[Annotator "NA RC"]
[PlyCount "88"]
[EventDate "2021.01.17"]
[EventType "blitz"]
[TimeControl "420+3"]

1. d4 {[%emt 0:00:04]} Nf6 {[%emt 0:00:01]} 2. c4 {[%emt 0:00:02]} e6 {[%emt 0:00:01]} 3. Nc3 {[%emt 0:00:01]} Bb4 {[%emt 0:00:00]} 4. e3 {[%emt 0:00:04]} O-O {[%emt 0:00:02]} 5. Nge2 {[%emt 0:00:05]} d5 {[%emt 0:00:06]} 6. a3 {[%emt 0:00:04]} Be7 {[%emt 0:00:01]} 7. cxd5 {[%emt 0:00:04]} exd5 {[%emt 0:00:01]} 8. Nf4 {[%emt 0:00:05]} c6 {[%emt 0:00:01]} 9. Bd3 {[%emt 0:00:03]} Na6 {[%emt 0:00:01]} 10. O-O {[%emt 0:00:05]} Nc7 {[%emt 0:00:02]} 11. f3 {[%emt 0:00:18]} Bd6 {[%emt 0:00:07]} 12. Bd2 {[%emt 0:00:34]} Re8 {[%emt 0:00:02]} 13. Kh1 {[%emt 0:00:31]} Bxf4 {[%emt 0:00:09]} 14. exf4 {[%emt 0:00:02]} a6 {[%emt 0:00:02]} 15. f5 {[%emt 0:00:13]} Nb5 {[%emt 0:00:05]} 16. Nxb5 {[%emt 0:00:20]} axb5 {[%emt 0:00:00]} 17. g4 {[%emt 0:00:10]} Ra4 {[%emt 0:00:02]} 18. Bc3 {[%emt 0:00:10]} Qc7 {[%emt 0:00:01]} 19. Qd2 {[%emt 0:00:07]} Bd7 {[%emt 0:00:01]} 20. Rae1 {[%emt 0:00:07]} Raa8 {[%emt 0:00:03]} 21. Rxe8+ {[%emt 0:00:16]} Rxe8 {[%emt 0:00:02]} 22. Re1 {[%emt 0:00:00]} Rxe1+ {[%emt 0:01:31]} 23. Qxe1 {[%emt 0:00:00]} h6 {[%emt 0:00:00]} 24. Qe5 {[%emt 0:00:21]} Ne8 {[%emt 0:00:16] jncool68 propose la nulle} 25. Bb4 {[%emt 0:00:26]} Qxe5 {[%emt 0:00:39]} 26. dxe5 {[%emt 0:00:00]} b6 {[%emt 0:00:00]} 27. Be7 {[%emt 0:00:34]} c5 {[%emt 0:00:01]} 28. Bd8 {[%emt 0:00:08]} c4 {[%emt 0:00:03]} 29. Bc2 {[%emt 0:00:05]} d4 {[%emt 0:00:01]} 30. Bxb6 {[%emt 0:00:06]} d3 {[%emt 0:00:01]} 31. Bd1 {[%emt 0:00:01]} g6 {[%emt 0:00:04]} 32. f6 {[%emt 0:00:20]} g5 {[%emt 0:00:02]} 33. Kg2 {[%emt 0:00:06]} Kh7 {[%emt 0:00:01]} 34. Kf2 {[%emt 0:00:09]} Kg6 {[%emt 0:00:00]} 35. Ke3 {[%emt 0:00:02]} h5 {[%emt 0:00:01]} 36. h3 {[%emt 0:00:03]} hxg4 {[%emt 0:00:01]} 37. fxg4 {[%emt 0:00:10]} Nxf6 {[%emt 0:00:07]} 38. exf6 {[%emt 0:00:03]} Kxf6 {[%emt 0:00:00]} 39. Bf3 {[%emt 0:00:07]} Ke6 {[%emt 0:00:02]} 40. Ba5 {[%emt 0:00:12]} Kd6 {[%emt 0:00:05]} 41. Kd4 {[%emt 0:00:16]} f5 {[%emt 0:00:01]} 42. Bb4+ {[%emt 0:00:07]} Kc7 {[%emt 0:00:01]} 43. gxf5 {[%emt 0:00:08]} Bxf5 {[%emt 0:00:01]} 44. Bg4 {[%emt 0:00:01]} Bg6 {[%emt 0:00:01] jncool68 abandonne (Lag: Av=0.99s, max=2.8s)} 1-0

[Event "TOP 16 - Final A"]
[Site "TOP16-Final-A"]
[Date "2021.01.17"]
[Round "11"]
[White "Pierre35"]
[Black "Bagheri amir"]
[Result "1-0"]
[WhiteElo "2133"]
[BlackElo "2177"]
[Annotator "NA RC"]
[PlyCount "67"]
[EventDate "2021.01.17"]
[EventType "blitz"]
[BlackTeam "monaco"]
[TimeControl "420+3"]

{- Bagheri, Amir} 1. e4 {[%emt 0:00:04]} c6 {[%emt 0:00:01]} 2. Nf3 {[%emt 0:00:02]} d5 {[%emt 0:00:03]} 3. Nc3 {[%emt 0:00:03]} dxe4 {[%emt 0:00:07]} 4. Nxe4 {[%emt 0:00:02]} Nf6 {[%emt 0:00:01]} 5. Qe2 {[%emt 0:00:02]} Bg4 {[%emt 0:00:49]} 6. Nxf6+ {[%emt 0:00:08]} gxf6 {[%emt 0:00:03]} 7. h3 {[%emt 0:00:07]} Bh5 {[%emt 0:00:12]} 8. g3 {[%emt 0:00:05]} Nd7 {[%emt 0:00:22]} 9. d4 {[%emt 0:00:40]} e6 {[%emt 0:01:00]} 10. Bg2 {[%emt 0:00:06]} Qa5+ {[%emt 0:00:50]} 11. c3 {[%emt 0:00:19]} Qb5 {[%emt 0:00:09]} 12. Qxb5 {[%emt 0:00:59]} cxb5 {[%emt 0:00:02]} 13. O-O {[%emt 0:00:06]} Nb6 {[%emt 0:00:30]} 14. Re1 {[%emt 0:01:31]} O-O-O {[%emt 0:00:15]} 15. Nd2 {[%emt 0:00:06]} f5 {[%emt 0:00:12]} 16. Nb3 {[%emt 0:00:25]} Bd6 {[%emt 0:00:07]} 17. Nc5 {[%emt 0:00:10]} Bxc5 {[%emt 0:00:27]} 18. dxc5 {[%emt 0:00:00]} Nd5 {[%emt 0:00:45]} 19. a4 {[%emt 0:00:07]} b4 {[%emt 0:00:36]} 20. c4 {[%emt 0:00:53]} Ne7 {[%emt 0:00:17]} 21. a5 {[%emt 0:00:18]} a6 {[%emt 0:00:08]} 22. Ra4 {[%emt 0:00:07]} Nc6 {[%emt 0:00:08]} 23. Bxc6 {[%emt 0:00:52]} bxc6 {[%emt 0:00:02]} 24. Rxb4 {[%emt 0:00:00]} f6 {[%emt 0:00:41]} 25. Bh6 {[%emt 0:00:38]} e5 {[%emt 0:00:14]} 26. Bg7 {[%emt 0:00:07]} Rhe8 {[%emt 0:00:06]} 27. Bxf6 {[%emt 0:00:02]} Rd1 {[%emt 0:00:03]} 28. Rxd1 {[%emt 0:00:08]} Bxd1 {[%emt 0:00:00]} 29. Rb6 {[%emt 0:00:11]} Bf3 {[%emt 0:00:03]} 30. Rxa6 {[%emt 0:00:03]} Kd7 {[%emt 0:00:03]} 31. Ra7+ {[%emt 0:00:03]} Ke6 {[%emt 0:00:02]} 32. Re7+ {[%emt 0:00:01]} Rxe7 {[%emt 0:00:05]} 33. Bxe7 {[%emt 0:00:00]} Kxe7 {[%emt 0:00:02]} 34. a6 {[%emt 0:00:02] Bagheri amir resigns} 1-0

[Event "TOP 16 - Final A"]
[Site "TOP16-Final-A"]
[Date "2021.01.17"]
[Round "11"]
[White "SebyFischer57"]
[Black "Amiralfio"]
[Result "0-1"]
[WhiteElo "2033"]
[BlackElo "1878"]
[Annotator "NA RC"]
[PlyCount "120"]
[EventDate "2021.01.17"]
[EventType "blitz"]
[TimeControl "420+3"]

1. c4 {[%emt 0:00:02]} f5 {[%emt 0:00:02]} 2. g3 {[%emt 0:00:05]} Nf6 {[%emt 0:00:01]} 3. Bg2 {[%emt 0:00:01]} e6 {[%emt 0:00:00]} 4. Nc3 {[%emt 0:00:09]} Be7 {[%emt 0:00:01]} 5. d3 {[%emt 0:00:08]} O-O {[%emt 0:00:04]} 6. e4 {[%emt 0:00:09]} fxe4 {[%emt 0:00:02]} 7. dxe4 {[%emt 0:00:02]} Nc6 {[%emt 0:00:06]} 8. Nge2 {[%emt 0:00:46]} Bc5 {[%emt 0:00:11]} 9. Na4 {[%emt 0:00:51]} Bb4+ {[%emt 0:00:18]} 10. Bd2 {[%emt 0:00:15]} Qe7 {[%emt 0:00:50]} 11. O-O {[%emt 0:00:06]} Bxd2 {[%emt 0:00:10]} 12. Qxd2 {[%emt 0:00:00]} d6 {[%emt 0:00:05]} 13. f4 {[%emt 0:00:23]} e5 {[%emt 0:00:06]} 14. f5 {[%emt 0:00:19]} Nd7 {[%emt 0:00:24]} 15. Nac3 {[%emt 0:00:11]} a5 {[%emt 0:00:26]} 16. Nd5 {[%emt 0:00:18]} Qd8 {[%emt 0:00:01]} 17. g4 {[%emt 0:00:27]} h6 {[%emt 0:00:06]} 18. b3 {[%emt 0:00:18]} Nc5 {[%emt 0:00:03]} 19. Qe3 {[%emt 0:00:16]} Nb4 {[%emt 0:00:13]} 20. Rad1 {[%emt 0:00:51]} Nxd5 {[%emt 0:00:25]} 21. Rxd5 {[%emt 0:00:26]} Qg5 {[%emt 0:00:01]} 22. Qg3 {[%emt 0:00:18]} Bd7 {[%emt 0:00:13]} 23. h4 {[%emt 0:00:08]} Qe7 {[%emt 0:00:01]} 24. Nc3 {[%emt 0:00:03]} Bc6 {[%emt 0:00:07]} 25. Rd2 {[%emt 0:00:02]} Kf7 {[%emt 0:00:17]} 26. g5 {[%emt 0:00:06]} hxg5 {[%emt 0:00:03]} 27. hxg5 {[%emt 0:00:00]} Ke8 {[%emt 0:00:04]} 28. Rdf2 {[%emt 0:00:22]} Kd7 {[%emt 0:00:18]} 29. Bh3 {[%emt 0:00:43]} Kd8 {[%emt 0:00:47]} 30. f6 {[%emt 0:00:01]} gxf6 {[%emt 0:00:00]} 31. Rxf6 {[%emt 0:00:01]} Rxf6 {[%emt 0:00:05]} 32. gxf6 {[%emt 0:00:03]} Qf7 {[%emt 0:00:02]} 33. Qg7 {[%emt 0:00:19]} Be8 {[%emt 0:00:04]} 34. Bf5 {[%emt 0:00:21]} c6 {[%emt 0:00:11]} 35. Rf2 {[%emt 0:00:09]} Nd7 {[%emt 0:00:43]} 36. Bxd7 {[%emt 0:00:04]} Kxd7 {[%emt 0:00:00]} 37. Rh2 {[%emt 0:00:03]} Qxg7+ {[%emt 0:00:12]} 38. fxg7 {[%emt 0:00:00]} Bf7 {[%emt 0:00:01]} 39. Rg2 {[%emt 0:00:10]} Rg8 {[%emt 0:00:07]} 40. Kf2 {[%emt 0:00:00]} Ke7 {[%emt 0:00:01]} 41. Ke3 {[%emt 0:00:01]} Kf6 {[%emt 0:00:01]} 42. Na4 {[%emt 0:00:07]} Rxg7 {[%emt 0:00:03]} 43. Rxg7 {[%emt 0:00:03]} Kxg7 {[%emt 0:00:00]} 44. Nb6 {[%emt 0:00:04]} Kf6 {[%emt 0:00:09]} 45. Nc8 {[%emt 0:00:02]} Ke6 {[%emt 0:00:06]} 46. Nb6 {[%emt 0:00:03]} Bh5 {[%emt 0:00:10]} 47. Na4 {[%emt 0:00:02]} Kd7 {[%emt 0:00:09]} 48. Nc3 {[%emt 0:00:01]} Kc7 {[%emt 0:00:06]} 49. a3 {[%emt 0:00:02]} Bf7 {[%emt 0:00:05]} 50. Kd3 {[%emt 0:00:03]} Kb6 {[%emt 0:00:33]} 51. b4 {[%emt 0:00:01]} axb4 {[%emt 0:00:00]} 52. axb4 {[%emt 0:00:00]} Be6 {[%emt 0:00:22]} 53. Na4+ {[%emt 0:00:02]} Kc7 {[%emt 0:00:05]} 54. Nc3 {[%emt 0:00:06]} Kd7 {[%emt 0:00:01]} 55. Na4 {[%emt 0:00:07]} Ke7 {[%emt 0:00:02]} 56. Nc3 {[%emt 0:00:06]} Kd7 {[%emt 0:00:02]} 57. Na4 {[%emt 0:00:01]} Bxc4+ {[%emt 0:00:12]} 58. Kxc4 {[%emt 0:00:03]} b5+ {[%emt 0:00:01]} 59. Kb3 {[%emt 0:00:02]} bxa4+ {[%emt 0:00:01]} 60. Kxa4 {[%emt 0:00:00]} d5 {[%emt 0:00:00] TimeW} 0-1

[Event "TOP 16 - Final A"]
[Site "TOP16-Final-A"]
[Date "2021.01.17"]
[Round "12"]
[White "Tigran1984"]
[Black "SFeller"]
[Result "1/2-1/2"]
[WhiteElo "2702"]
[BlackElo "2217"]
[Annotator "NA RC"]
[PlyCount "80"]
[EventDate "2021.01.17"]
[EventType "blitz"]

1. b3 {[%emt 0:00:03]} d5 {[%emt 0:00:03]} 2. Bb2 {[%emt 0:00:02]} c6 {[%emt 0:00:01]} 3. e3 {[%emt 0:00:04]} Bf5 {[%emt 0:00:02]} 4. Ne2 {[%emt 0:00:06]} e6 {[%emt 0:00:19]} 5. Nbc3 {[%emt 0:00:47]} Nd7 {[%emt 0:00:09]} 6. h3 {[%emt 0:00:23]} e5 {[%emt 0:00:38]} 7. d3 {[%emt 0:01:04]} Bg6 {[%emt 0:00:12]} 8. g3 {[%emt 0:00:04]} Bd6 {[%emt 0:00:33]} 9. Bg2 {[%emt 0:00:01]} Ne7 {[%emt 0:00:02]} 10. Qd2 {[%emt 0:00:03]} Qc7 {[%emt 0:00:36]} 11. f4 {[%emt 0:00:13]} O-O-O {[%emt 0:00:41]} 12. O-O-O {[%emt 0:00:05]} f5 {[%emt 0:00:07]} 13. fxe5 {[%emt 0:00:16] SFeller reconnected.} Bxe5 {[%emt 0:00:14]} 14. g4 {[%emt 0:00:22]} Nf6 {[%emt 0:00:08] SFeller offers a draw SFeller reconnected. SFeller offers a draw} 15. Nd4 {[%emt 0:01:02]} Bxd4 {[%emt 0:00:15]} 16. exd4 {[%emt 0:00:00]} fxg4 {[%emt 0:00:01]} 17. hxg4 {[%emt 0:00:08]} Kb8 {[%emt 0:01:11]} 18. Bf3 {[%emt 0:00:06]} h5 {[%emt 0:00:02]} 19. gxh5 {[%emt 0:00:03]} Bxh5 {[%emt 0:00:00]} 20. Bxh5 {[%emt 0:00:01]} Nxh5 {[%emt 0:00:18]} 21. Kb1 {[%emt 0:00:05]} Ng3 {[%emt 0:00:13]} 22. Rhg1 {[%emt 0:00:06]} Nef5 {[%emt 0:00:05]} 23. Qf2 {[%emt 0:00:08]} Rdf8 {[%emt 0:00:03]} 24. Bc1 {[%emt 0:00:00]} Nh5 {[%emt 0:00:03]} 25. Rde1 {[%emt 0:00:11]} Qb6 {[%emt 0:00:59]} 26. Ba3 {[%emt 0:00:07]} Rf6 {[%emt 0:00:12]} 27. Bc5 {[%emt 0:00:04]} Qc7 {[%emt 0:00:05]} 28. Re5 {[%emt 0:00:07]} g6 {[%emt 0:00:05]} 29. Rge1 {[%emt 0:00:01]} b6 {[%emt 0:00:03]} 30. Ba3 {[%emt 0:00:04]} Nhg7 {[%emt 0:00:11]} 31. Qg1 {[%emt 0:00:10]} Qf7 {[%emt 0:00:15]} 32. Bc1 {[%emt 0:00:57]} Ne6 {[%emt 0:00:02]} 33. Ne2 {[%emt 0:00:02]} Kb7 {[%emt 0:00:05]} 34. Kb2 {[%emt 0:00:07]} Rc8 {[%emt 0:00:02]} 35. Bd2 {[%emt 0:00:01]} Rc7 {[%emt 0:00:02]} 36. Bc3 {[%emt 0:00:02]} g5 {[%emt 0:00:04]} 37. Qg4 {[%emt 0:00:23]} Nh6 {[%emt 0:00:12]} 38. Qg1 {[%emt 0:00:02]} Nf5 {[%emt 0:00:01]} 39. Qg4 {[%emt 0:00:28]} Nh6 {[%emt 0:00:04]} 40. Qg1 {[%emt 0:00:10]} Nf5 {[%emt 0:00:03] Threefold Rep (Lag: Av=0.49s, max=1.3s)} 1/2-1/2

[Event "TOP 16 - Final A"]
[Site "TOP16-Final-A"]
[Date "2021.01.17"]
[Round "12"]
[White "jncool68"]
[Black "ProfTerrieux"]
[Result "1/2-1/2"]
[WhiteElo "2225"]
[BlackElo "2296"]
[Annotator "NA RC"]
[PlyCount "59"]
[EventDate "2021.01.17"]
[EventType "blitz"]
[TimeControl "420+3"]

1. e4 {[%emt 0:00:02]} c5 {[%emt 0:00:01]} 2. Nf3 {[%emt 0:00:01]} e6 {[%emt 0:00:01]} 3. Be2 {[%emt 0:00:01]} Nc6 {[%emt 0:00:08]} 4. O-O {[%emt 0:00:01]} Nf6 {[%emt 0:00:07]} 5. Nc3 {[%emt 0:00:01]} e5 {[%emt 0:00:17]} 6. Bc4 {[%emt 0:00:25]} Be7 {[%emt 0:00:03]} 7. Ng5 {[%emt 0:00:04]} O-O {[%emt 0:00:01]} 8. f4 {[%emt 0:00:01]} exf4 {[%emt 0:00:07]} 9. d3 {[%emt 0:00:01]} Ne5 {[%emt 0:00:02]} 10. Bxf4 {[%emt 0:00:07]} Nxc4 {[%emt 0:00:16]} 11. dxc4 {[%emt 0:00:00]} h6 {[%emt 0:00:07]} 12. Nf3 {[%emt 0:00:02]} d6 {[%emt 0:00:03]} 13. Qd2 {[%emt 0:00:02]} Be6 {[%emt 0:00:11]} 14. b3 {[%emt 0:00:01]} Qb6 {[%emt 0:01:01]} 15. Rad1 {[%emt 0:00:05]} Rfd8 {[%emt 0:00:06]} 16. h3 {[%emt 0:00:05]} Bf8 {[%emt 0:00:05]} 17. Nd5 {[%emt 0:00:17]} Bxd5 {[%emt 0:00:32]} 18. exd5 {[%emt 0:00:01]} Re8 {[%emt 0:00:04]} 19. Rde1 {[%emt 0:00:19]} Qc7 {[%emt 0:00:09]} 20. Nh4 {[%emt 0:00:20]} Rxe1 {[%emt 0:00:28]} 21. Rxe1 {[%emt 0:00:01]} Qd7 {[%emt 0:00:07]} 22. g4 {[%emt 0:00:01]} Re8 {[%emt 0:00:10]} 23. Nf5 {[%emt 0:00:01]} Rxe1+ {[%emt 0:00:20]} 24. Qxe1 {[%emt 0:00:01]} h5 {[%emt 0:00:07]} 25. Qh4 {[%emt 0:00:27]} hxg4 {[%emt 0:00:18]} 26. hxg4 {[%emt 0:00:02]} Qe8 {[%emt 0:00:12]} 27. g5 {[%emt 0:00:17]} Qe4 {[%emt 0:00:06]} 28. gxf6 {[%emt 0:00:28]} Qxf5 {[%emt 0:00:05]} 29. fxg7 {[%emt 0:00:01]} Bxg7 {[%emt 0:00:19]} 30. Qd8+ {[%emt 0:00:09] jncool68 propose la nulle (Lag: Av=0.85s, max=6.2s)} 1/2-1/2

[Event "TOP 16 - Final A"]
[Site "TOP16-Final-A"]
[Date "2021.01.17"]
[Round "12"]
[White "Pastouche06"]
[Black "SebyFischer57"]
[Result "0-1"]
[WhiteElo "2221"]
[BlackElo "1995"]
[Annotator "NA RC"]
[PlyCount "86"]
[EventDate "2021.01.17"]
[EventType "blitz"]

1. d4 {[%emt 0:00:03]} d5 {[%emt 0:00:01]} 2. c4 {[%emt 0:00:02]} e6 {[%emt 0:00:01]} 3. Nc3 {[%emt 0:00:01]} a6 {[%emt 0:00:01]} 4. cxd5 {[%emt 0:00:06]} exd5 {[%emt 0:00:00]} 5. Bf4 {[%emt 0:00:01]} Nf6 {[%emt 0:00:03]} 6. e3 {[%emt 0:00:05]} h6 {[%emt 0:00:01]} 7. Bd3 {[%emt 0:00:08]} Bd6 {[%emt 0:00:01]} 8. Nge2 {[%emt 0:00:04]} O-O {[%emt 0:00:01]} 9. O-O {[%emt 0:00:03]} Nc6 {[%emt 0:00:02]} 10. Rc1 {[%emt 0:00:43]} Ne7 {[%emt 0:00:03]} 11. Qc2 {[%emt 0:00:02]} c6 {[%emt 0:00:27]} 12. Na4 {[%emt 0:00:13]} Bxf4 {[%emt 0:00:13]} 13. Nxf4 {[%emt 0:00:03]} b6 {[%emt 0:00:04]} 14. Qb3 {[%emt 0:01:25]} Rb8 {[%emt 0:00:16]} 15. Rc2 {[%emt 0:00:19]} Qd6 {[%emt 0:00:25]} 16. Qa3 {[%emt 0:00:17]} Rd8 {[%emt 0:00:21]} 17. Rfc1 {[%emt 0:00:14]} a5 {[%emt 0:00:43]} 18. f3 {[%emt 0:00:33]} Ne8 {[%emt 0:00:32]} 19. Qxd6 {[%emt 0:00:44]} Nxd6 {[%emt 0:00:18]} 20. b3 {[%emt 0:00:04]} Bf5 {[%emt 0:00:21]} 21. Bxf5 {[%emt 0:00:13]} Ndxf5 {[%emt 0:00:00]} 22. Kf2 {[%emt 0:00:01]} f6 {[%emt 0:01:28]} 23. g4 {[%emt 0:00:38]} Nd6 {[%emt 0:00:02]} 24. h4 {[%emt 0:00:07]} Kf7 {[%emt 0:00:07]} 25. Rg1 {[%emt 0:00:28]} g6 {[%emt 0:00:23]} 26. Ke2 {[%emt 0:00:20]} g5 {[%emt 0:01:23]} 27. hxg5 {[%emt 0:00:16]} hxg5 {[%emt 0:00:00]} 28. Nh5 {[%emt 0:00:19]} Kg6 {[%emt 0:00:07]} 29. Kd3 {[%emt 0:00:12]} Rh8 {[%emt 0:00:02]} 30. Rgc1 {[%emt 0:00:08]} Rhc8 {[%emt 0:00:08]} 31. Ng3 {[%emt 0:00:08]} Rh8 {[%emt 0:00:03]} 32. Nh5 {[%emt 0:00:15]} Rhc8 {[%emt 0:00:17]} 33. e4 {[%emt 0:00:03]} Nb5 {[%emt 0:00:35]} 34. Re1 {[%emt 0:00:17]} dxe4+ {[%emt 0:00:10]} 35. fxe4 {[%emt 0:00:06]} Rd8 {[%emt 0:00:01]} 36. Rf2 {[%emt 0:00:09]} Rxd4+ {[%emt 0:00:02]} 37. Ke3 {[%emt 0:00:00]} Rd6 {[%emt 0:00:02]} 38. Ng3 {[%emt 0:00:04]} Re8 {[%emt 0:00:03]} 39. Ree2 {[%emt 0:00:03]} Nd5+ {[%emt 0:00:04]} 40. Kf3 {[%emt 0:00:01]} Nf4 {[%emt 0:00:09]} 41. Rd2 {[%emt 0:00:01]} Red8 {[%emt 0:00:01]} 42. Rxd6 {[%emt 0:00:02]} Rxd6 {[%emt 0:00:00]} 43. Rc2 {[%emt 0:00:06]} Nd4+ {[%emt 0:00:03] Pastouche06 abandonne (Lag: Av=0.66s, max=3.0s)} 0-1

[Event "TOP 16 - Final A"]
[Site "TOP16-Final-A"]
[Date "2021.01.17"]
[Round "12"]
[White "Bagheri amir"]
[Black "Adrien Demuth"]
[Result "1/2-1/2"]
[WhiteElo "2158"]
[BlackElo "2375"]
[Annotator "TA"]
[PlyCount "64"]
[EventDate "2021.01.17"]
[EventType "blitz"]
[WhiteTeam "monaco"]

{[%evp 12,64,-35,-31,-26,-42,-7,-25,-26,-24,-35,-27,-42,-42,-29,-41,-36,-47,-27,-36,-35,-34,-24,-28,-32,-66,-28,-33,-27,-34,0,-52,-72,-70,-42,-35,-42,-45,-49,-35,-14,-11,-8,-16,-12,-25,-18,-18,-33,-25,0,0,0,-24,0]} 1. d4 Nf6 2. Nf3 c5 3. d5 b5 {[%cal Bb7b5,Bb5b4][%mdl 32]} 4. c4 g6 5. a4 b4 6. b3 Bg7 7. Bb2 O-O {A57: Benko/Volga Gambit.} 8. Nbd2 d6 9. Qc2 Bf5 10. Qc1 e5 11. dxe6 Bxe6 12. e3 Nc6 13. Be2 {[#]} Re8 $146 ({Predecessor:} 13... Qe7 14. O-O Rad8 15. Ra2 Rfe8 16. Re1 Bc8 17. Bd3 Ne5 18. Bb1 Bb7 19. Bxe5 dxe5 {0-1 (53) Bayarmaa,B (2193)-Pahomov,R (2256) Spoleto 2017}) 14. O-O Bf5 15. Rd1 Qe7 16. Nf1 Ne4 17. Bxg7 Kxg7 18. Qb2+ Qf6 19. Qxf6+ Kxf6 20. Ng3 Rad8 21. Nxf5 (21. Nxe4+ $1 $11 Bxe4 22. Nd2) 21... gxf5 $15 22. Bd3 Na5 23. Bc2 {White wants to play Rd5.} Nc3 24. Rd2 d5 25. cxd5 Rxd5 (25... c4 {is interesting.} 26. bxc4 Nxc4 27. Rd3 Na5 28. d6 Rd7) 26. Rxd5 Nxd5 27. Rd1 Nc3 28. Rd7 Re7 29. Rd6+ Re6 $1 {[%cal Re6d6]} 30. Rd7 Re7 31. Rd6+ Re6 $1 {[%cal Re6d6]} 32. Rd7 Re7 {Weighted Error Value: White=0.09/Black=0.11} 1/2-1/2

[Event "TOP 16 - Final A"]
[Site "TOP16-Final-A"]
[Date "2021.01.17"]
[Round "12"]
[White "Nikame"]
[Black "Christian Bauer"]
[Result "0-1"]
[WhiteElo "2020"]
[BlackElo "2470"]
[Annotator "TA"]
[PlyCount "70"]
[EventDate "2021.01.17"]
[EventType "blitz"]

{[%evp 12,70,42,17,30,-8,47,44,50,44,47,65,70,0,0,0,0,-47,-51,-86,-79,-75,-88,-104,-110,-107,-101,-141,-138,-137,-127,-203,-184,-218,-209,-194,-162,-215,-166,-306,-291,-262,-272,-288,-285,-388,-376,-362,-340,-329,-319,-310,-227,-534,-525,-524,-529,-843,-852,-845,-822]} 1. d4 Nf6 2. Nf3 d6 3. c4 g6 4. Nc3 Bf5 5. Bg5 Bg7 6. e3 O-O 7. Be2 c5 {E61: King's Indian: Early deviations for White, including Smyslov System.} 8. h3 Nc6 (8... Ne4 $11) 9. d5 $14 {[#]} Nb4 $146 {Strongly threatening ...Nc2+.White is slightly better.} ({Predecessor:} 9... Ne5 10. Nxe5 dxe5 11. O-O Ne8 12. e4 Bd7 13. Be3 b6 14. a3 Nd6 15. Rb1 f5 {½-½ (36) Jovicic,R (2220)-Brenjo,S (2481) Obrenovac 2008}) 10. O-O Ne4 11. Nxe4 Bxe4 12. Nd2 ({White should try} 12. a3 $14 Na6 13. Nd2) 12... Bc2 $11 13. Qc1 h6 $36 {[%mdl 2048] Black is more active.} 14. a3 {[#]} Bd3 $1 15. Bxd3 (15. Qd1 hxg5) 15... Nxd3 {Black converts the advantage convincingly.} 16. Qc2 Nxb2 ({Much worse is} 16... hxg5 $6 17. Qxd3 Qd7 18. Rab1 $11) 17. Bh4 b5 18. cxb5 c4 19. Rab1 c3 20. Nb3 Nc4 21. Qa2 (21. Ra1 $17) 21... Rc8 22. Rfc1 g5 23. Bg3 f5 24. a4 (24. Nd4 $142 Bxd4 25. exd4) 24... Qd7 25. Qe2 {[#]} (25. f4 {might work better.}) 25... f4 $1 $19 {[%cal Rf4g3]} 26. exf4 gxf4 27. Bh4 f3 28. Qxe7 Qxe7 29. Bxe7 Rfe8 30. Bh4 Re2 31. Na1 Rb2 32. Nc2 (32. Re1) 32... Nd2 {Black is clearly winning.} 33. Ra1 Nb3 {[%mdl 64] Double Attack} 34. Bg3 {[#]} Rxc2 $1 {[%mdl 512]} 35. Rxc2 Nxa1 {Weighted Error Value: White=0.53/Black=0.10} 0-1

[Event "TOP 16 - Final A"]
[Site "TOP16-Final-A"]
[Date "2021.01.17"]
[Round "12"]
[White "Tander"]
[Black "Pierre35"]
[Result "1/2-1/2"]
[WhiteElo "2011"]
[BlackElo "2152"]
[Annotator "NA RC"]
[PlyCount "35"]
[EventDate "2021.01.17"]
[EventType "blitz"]

1. e4 {[%emt 0:00:04]} c5 {[%emt 0:00:07]} 2. Nf3 {[%emt 0:00:02]} Nc6 {[%emt 0:00:01]} 3. d4 {[%emt 0:00:00]} cxd4 {[%emt 0:00:01]} 4. Nxd4 {[%emt 0:00:00]} Nf6 {[%emt 0:00:01]} 5. Nc3 {[%emt 0:00:01]} e5 {[%emt 0:00:01]} 6. Ndb5 {[%emt 0:00:00]} d6 {[%emt 0:00:01]} 7. Nd5 {[%emt 0:00:00]} Nxd5 {[%emt 0:00:01]} 8. exd5 {[%emt 0:00:00]} Nb8 {[%emt 0:00:00]} 9. Qf3 {[%emt 0:00:02]} a6 {[%emt 0:00:14]} 10. Qa3 {[%emt 0:00:02]} Be7 {[%emt 0:00:30]} 11. Bg5 {[%emt 0:00:02]} f6 {[%emt 0:00:06]} 12. Bd2 {[%emt 0:00:03]} O-O {[%emt 0:00:22]} 13. Bb4 {[%emt 0:00:02]} b6 {[%emt 0:01:11]} 14. Bxd6 {[%emt 0:00:29]} axb5 {[%emt 0:00:59]} 15. Bxe7 {[%emt 0:00:05]} Qxd5 {[%emt 0:00:01]} 16. Qd3 {[%emt 0:01:04]} Qxd3 {[%emt 0:00:20]} 17. Bxd3 {[%emt 0:00:00]} Re8 {[%emt 0:00:02]} 18. Bd6 {[%emt 0:00:38] Tander offers a draw} 1/2-1/2